000 00944nam a22002897a 4500
003 CHAP
005 20220329133924.0
008 971013s1979 r 00010 d
010 _a12717
011 _a13689
035 _a17761
040 _cCHAP
090 _aFolleto 9121
100 0 0 _aCarvalho, Agostinho de.
_919699
245 _aTipología das exploracoes agricolas da subregiao viticola de Torres
260 _aLisboa :
_bFundacao Calouste Gulbenkian de Ciencia,
_c1979
300 _a78 p.
_b: apénd. ; ilus. ; mapas ; gráfs.
590 _aBATCH-UPD
_b10
_c20130110
_lUCH01
_h2121
590 _aBATCH-UPD
_b10
_c20130410
_lUCH01
_h1430
590 _aBATCH-UPD
_b10
_c20130914
_lUCH01
_h0855
590 _aCONVERSION
_b10
_c20130109
_lUCH01
_h1308
650 1 4 _aViticultura
_xPortugal.
_9120067
700 0 _aRibeiro, José Julio.
_997193
901 _aBK
942 _cFOLL
949 _aFolleto 9121
_bBC
_cFOLL
_d-41673
_eTS1
_i17761
_mD
_si
999 _c12717
_d12717